| 000 | 00345cam a22001217a 4500 | ||
|---|---|---|---|
| 008 | 180718b1968 xxu||||| |||| 00| 0 eng d | ||
| 082 | _aA75 R137AL | ||
| 100 | _aMaya Ram | ||
| 245 |
_aRajasthan district gazetteers: Alwar _cby Maya Ram |
||
| 260 |
_aJaipur _bRajasthan District Gazetteers _c1968 |
||
| 300 | _a721+p. | ||
| 650 | _aAlwar - Gazetteers | ||
| 999 |
_c481207 _d481207 |
||